000 00914cam a22002054a 4500
020 _a2802720392
040 _cDLC
082 0 0 _a303 COM 2005 A072 Or.
245 0 3 _aLa "société de l'information" entre mythes et réalités /
260 _aBruxelles :
_bAgence universitaire de la francophonie :
_bBruylant :
_bCommission nationale française pour l'UNESCO,
_c2005.
300 _a435 p. :
_bill. ;
_c24 cm.
490 0 _aCollection Médias, sociétés et relations internationales ;
500 _aPapers from a conference held Sept. 4-5, 2003 in Strasbourg under the auspices of the Centre d'études et de recherches interdisciplinaires sur les médias en Europe.
650 0 _aInformation society
650 0 _aInformation technology
700 1 _aMathien, Michel.
700 1 _aArnaud, Michel,
710 2 _aCentre d'études et de recherches interdisciplinaires sur les médias en Europe.
942 _cEK
999 _c14904
_d14904